000
00304nam a2200133Ia 4500
005
20260328104304.0
008
260328s9999||||xx |||||||||||||| ||und||
100
_a
Sófocles
245
0
_a
Tragedias /
_c
Sófocles
260
_b
Biblioteca Edaf
300
_a
463 p.
650
_a
ESPAÑOL
942
_c
BK
999
_c
10713
_d
10713